Di chúc Pháp = Le testament francais

Tallennettuna:
Bibliografiset tiedot
Päätekijä: Andrei Makine
Aineistotyyppi: Kirja
Kieli:Undetermined
Julkaistu: H. Hội Nhà Văn 1998
Aiheet:
Tagit: Lisää tagi
Ei tageja, Lisää ensimmäinen tagi!
Thư viện lưu trữ: Trung tâm Học liệu Trường Đại học Cần Thơ
LEADER 00496nam a2200181Ia 4500
001 CTU_53428
008 210402s9999 xx 000 0 und d
020 |b 26000 
082 |a 843.9 
082 |b M235 
100 |a Andrei Makine 
245 0 |a Di chúc Pháp = Le testament francais 
245 0 |c Andrei Makine; Bùi Hiển dịch 
260 |a H. 
260 |b Hội Nhà Văn 
260 |c 1998 
650 |a french fiction 
980 |a Trung tâm Học liệu Trường Đại học Cần Thơ